000 00444nam a2200181Ia 4500
001 7587
005 20260306160506.0
008 260306t2016||||xx |||||||||||||| ||spa||
041 _aESP
082 _a352
_bP26
100 _aPardo, María del Carmen
_eAUT
245 0 _aUna introducción a la administración pública
260 _c2016
300 _a167 páginas :
_c22 cm.
650 _aGEN
654 _aCAN
942 _cLIB
_dJUS
_fJUS
_2ddc
_n
999 _c7587
_d7587